00597cam a22001692 4500001001100000005001700011008004100028020001700069040001500086245016400101250001300265260002900278300001200307650003900319650004100358710002800399000002430720151217155915.0130701s xx 000 0 eng d a9970452019 : aKABUcKABU10aFisheries & aquaculture cluster proceeding :bproceedings of the cluster workshop 12th-14th December 2010 Mwanza, Tanzania /ceditors: R. Mdegela ... [et al.]. a1st ed. aKampala :bIUCEA,c2010. a229 p. 0aFisheriesvCongresses.@0000184303 0aAquaculturevCongresses.@00001843042 aMdegela, R.@0000184305